00478nam a2200169Ia 4500003000600000005001700006008004100023020001500064040000800079082001800087110004000105245005600145260004700201300001100248440002400259650002500283GBCCL20241126110624.0180723b ||||| |||| 00| 0 eng d a0891099514 cgbc a227.3007bNAV aNavigators (Religious organization) aA NavPress Bible study on the book of 2 Corinthians cColorado Springs, CO : aNavPress, b1996. a128p.; aLife change series. a2 Corinthiansvstudy